000 00820cam a2200265 4500
008 000000n1999 000 0 eng u
020 _a1900168812
035 _a(Sirsi) u103946
041 _aeng
050 _a690.241
100 _aUrquhart, Dennis
110 _aHistoric Scotland
_92914
245 4 _aThe treatment of graffiti on historic surfaces: advice on graffiti removal procedures, anti-graffiti coatings and alternative strategies
260 _aEdinburgh
_bHistoric Scotland
_c1999
300 _a55p. : ill. ; 30cm.
350 _a0
490 _aTechnical Advice Note
_v18
650 _aGRAFFITI
650 _aHISTORIC BUILDINGS
650 _aHISTORIC SCOTLAND
650 _aSCOTLAND
650 _aSTONE CLEANING
690 _aBUILDING AND CONSTRUCTION-REPAIRS AND MAINTENANCE
942 _n0
999 _c100193
_d100193